| 000 | 00453nam a2200145Ia 4500 | ||
|---|---|---|---|
| 008 | 220325s9999||||xx |||||||||||||| ||und|| | ||
| 020 | _a978-1-4398-0690-6 | ||
| 084 | _a1128-0020 MEN Gov Bo | ||
| 100 | _aDonald C. Menzel | ||
| 245 | 0 | _aEthnics Moments in Government: Cases and Controversies | |
| 260 |
_aNew York _bCRC Press _c2010 |
||
| 300 | _ai-xxviii + 269 hlm | ||
| 650 |
_aGovernment (Pemerintahan) _eG-O-V _yCases and Controversies |
||
| 942 | _cBK | ||
| 999 |
_c18213 _d18213 |
||